Szent-Györgyi Albert (1893-1986)
[Fényképek: Szent-Györgyi Albert Szegeden; A Nobel-díj átadása [tévedés: díszdoktorrá avatása a Sorbonne-on!]; [Egy fiatalkori portré]; [Egy időskori portré]; Szent-Györgyi Albert újra Szegeden; Szent-Györgyi 93. születésnapján (Bayné, Szent-Györgyi, Bay Zoltán, Szent-Györgyiné) Hozzácsatolva Szent-...
Elmentve itt :
| Szerző: | |
|---|---|
| Dokumentumtípus: | Cikk |
| Megjelent: |
1986-12
|
| Sorozat: | Fizikai Szemle: Az Eötvös Lóránd Fizikai Társulat lapja
36 No. 12 |
| Online Access: | http://misc.bibl.u-szeged.hu/72649 |
| LEADER | 01149nab a2200193 i 4500 | ||
|---|---|---|---|
| 001 | misc72649 | ||
| 005 | 20231123123516.0 | ||
| 008 | 231123s1986 hu o 000 hun d | ||
| 022 | |a 0015-3257 | ||
| 040 | |a SZTE Miscellanea Repozitórium |b hun | ||
| 041 | |a hun | ||
| 100 | 1 | |a Marx György | |
| 245 | 1 | 0 | |a Szent-Györgyi Albert (1893-1986) |h [elektronikus dokumentum] / |c Marx György |
| 260 | |c 1986-12 | ||
| 300 | |a 441-446 | ||
| 490 | 0 | |a Fizikai Szemle: Az Eötvös Lóránd Fizikai Társulat lapja |v 36 No. 12 | |
| 520 | 3 | |a [Fényképek: Szent-Györgyi Albert Szegeden; A Nobel-díj átadása [tévedés: díszdoktorrá avatása a Sorbonne-on!]; [Egy fiatalkori portré]; [Egy időskori portré]; Szent-Györgyi Albert újra Szegeden; Szent-Györgyi 93. születésnapján (Bayné, Szent-Györgyi, Bay Zoltán, Szent-Györgyiné) Hozzácsatolva Szent-Györgyi Albert: A tudomány és a társadalom című írás. Ez részletek Szent-Györgyi Albert:Az őrült majom c. könyvéből, XVI. fejezet ford: Kunfalvi Rezső | |
| 561 | |a Szent-Györgyi Albertről szóló irodalom | ||
| 856 | 4 | 0 | |u http://misc.bibl.u-szeged.hu/72649/1/szgya_1986_052.pdf |z Dokumentum-elérés |